| 000 | 01098nam a22002177a 4500 | ||
|---|---|---|---|
| 999 |
_c9875 _d9875 |
||
| 003 | GBCCL | ||
| 005 | 20241126110720.0 | ||
| 008 | 230809b ||||| |||| 00| 0 eng d | ||
| 020 | _a9788184580938, | ||
| 020 | _a8184580932 | ||
| 040 | _cgbc | ||
| 082 |
_a227.8706 _bRED |
||
| 100 |
_aRedfern, Alastair _913194 |
||
| 245 |
_aGrowing the kingdom : _bthe letter to the Hebrews as a resource for mission / _cAlastair Redfern |
||
| 260 |
_aDelhi, _b Indian Society for Promoting Christian Knowledge, _c2009 |
||
| 300 |
_a xii, 112 pages ; _c22 cm |
||
| 505 | _aMission and Growth are the watchwords of much of our contemporary church thinking. In this volume Dr. Redfern provides a series of meditations on the Letter to the Hebrews that reveal it to be a valuable resource for contemporary mission, and a manual for using the gifts God provides through Jesus for growing His Kingdom among is, as relevant today as in the First Century. -- Publisher's statement | ||
| 650 |
_a Bible. _vHebrews _914705 |
||
| 650 |
_aBible. _vHebrews _xCriticism, interpretation, etc _914704 |
||
| 942 |
_2ddc _cBK |
||